000 01400nkm a2200313 i 4500
001 3129
003 ES-MaACL
005 20250713062556.0
007 khrbo
008 041122s1982 sp --- g |001||spa d
100 0 _aAlfonso,
_d1902-1990
_919858
245 1 0 _aPresentación del libro "El ángel caido: la imagen artística del ángel en el mundo contemporáneo" [
_hFotografía] /
_cAlfonso (sello).
260 _a[S.l. :
_bs.n.],
_c1982.
300 _a4 fot. :
_bb. y n. ;
_c12 x 18 cm.
500 _aDatos basados en invitación.
511 0 _aIntervienen: José Luis Aranguren, José Gómez Caffarena, Román Gubern, Carlos París.
518 _aActo organizado por el Ateneo de Madrid en colaboración con la editorial Anagrama, celebrado en la sala de conferencias el miércoles 15 de diciembre de 1982, a las 20:00 h.
600 1 4 _aAranguren, José Luis L.,
_d1909-1996
_922315
600 1 4 _aGómez Caffarena, José.
_957850
600 1 4 _aGubern, Román,
_d1934-
_960377
600 1 7 _aParís, Carlos,
_d1925-2014
_2embne
_989133
610 2 4 _aAteneo de Madrid-
_xActos culturales-
_y1982-
_vFotografías.
_91894
710 2 _aAteneo de Madrid.
_91875
710 2 _aEditorial Anagrama.
_93435
852 _aES-MaACL
_jFOT 74/1982
856 4 _uhttp://www.ateneodemadrid.net/biblioteca_digital/imagenes/1982/0074-1982.jpg
_zVer imagen
942 _2udc
999 _c3129
_d3129